• 首页
  • 本馆介绍
  • 公告通知
  • 最新文献
  • 馆藏检索
  • 电子资源
  • 读者导购
  • 参考咨询
  • 我的图书馆
  • 登录
  • 详细信息显示
  • 放入我的书架
  • 预约/预借图书
  • 作者相关作品
  • 分类相关作品
  • 丛书相关作品
  • 出版社相关作品

书目信息

  • 表格格式
  • 工作单格式
  • 卡片格式
题名:
高性能染料敏化太阳能电池的构筑及其光生电子传输特性
    
 
作者: 潘凯 著
分册:  
出版信息: 哈尔滨   黑龙江大学出版社  2014
页数: 242页
开本: 23cm
丛书名:
单 册:
中图分类: TM914.4
科图分类:
主题词: 太阳能电池--研究
电子资源:
ISBN: 978-7-81129-834-5
000 01038nam0 2200229 450
001 012015000051
005 20150914104435.63
010    @a978-7-81129-834-5@dCNY45.00
100    @a20150601d2014 em y0chiy50 ea
101 0  @achi
102    @aCN@b230000
105    @aa z 000yy
106    @ar
200 1  @a高性能染料敏化太阳能电池的构筑及其光生电子传输特性@Agao xing neng ran liao min hua tai yang neng dian chi de gou zhu ji qi guang sheng dian zi chuan shu te xing@f潘凯著
210    @a哈尔滨@c黑龙江大学出版社@d2014
215    @a242页@c图@d23cm
330    @a本书内容涉及廉价的卟啉、酞菁染料敏化太阳能电池的构筑;一维TiO2基复合光阳极的可控构筑;纳米碳基复合对电极的可控构筑;集成运用现代表征技术如XRD、XPS、SEM、TEM等,尤其是稳态和瞬态光伏、电化学交流阻抗和强度调节光电压(流)技术。本书系统研究了DSSC的光生电荷转移与传输规律,为组装高性能的DSSC提供了理论依据和实验指导。
606 0  @a太阳能电池@x研究
690    @aTM914.4@v5
701  0 @a潘凯@Apan kai@4著
801  0 @aCN@b碧洲教育@c20150716
905    @a10447@f4@dTM914.4@e121
    
    高性能染料敏化太阳能电池的构筑及其光生电子传输特性/潘凯著.-哈尔滨:黑龙江大学出版社,2014
    242页:图;23cm
    
    
    ISBN 978-7-81129-834-5:CNY45.00
    本书内容涉及廉价的卟啉、酞菁染料敏化太阳能电池的构筑;一维TiO2基复合光阳极的可控构筑;纳米碳基复合对电极的可控构筑;集成运用现代表征技术如XRD、XPS、SEM、TEM等,尤其是稳态和瞬态光伏、电化学交流阻抗和强度调节光电压(流)技术。本书系统研究了DSSC的光生电荷转移与传输规律,为组装高性能的DSSC提供了理论依据和实验指导。
●
相关链接 在E读中查询图书 在五车中查询图书 在当当中查询图书 在豆瓣中查询图书


正题名:高性能染料敏化太阳能电池的构筑及其光生电子传输特性     索取号:TM914.4/121         预约/预借

序号 登录号 条形码 馆藏地/架位号 状态 备注
1 0870797   208707979   第二样本阅览室/ [索取号:TM914.4/121] 在馆    
2 0870798   208707988   密集书库-物理学院/ [索取号:TM914.4/121] 在馆    
3 0870799   208707997   第三借阅区/ [索取号:TM914.4/121] 在馆    
4 0870800   208708004   第三借阅区/ [索取号:TM914.4/121] 在馆    
唐山师范学院图书馆 欢迎您!
大连网信软件有限公司© 版权所有